Online marketing inside out / (Record no. 17942)
[ view plain ]
| 000 -LEADER | |
|---|---|
| fixed length control field | 00880pam a2200277 a 4500 |
| 001 - CONTROL NUMBER | |
| control field | 014915711 |
| 003 - CONTROL NUMBER IDENTIFIER | |
| control field | OSt |
| 005 - DATE AND TIME OF LATEST TRANSACTION | |
| control field | 20140121123955.0 |
| 008 - FIXED-LENGTH DATA ELEMENTS--GENERAL INFORMATION | |
| fixed length control field | 090217s2009 at ae fr 001 0 eng d |
| 020 ## - INTERNATIONAL STANDARD BOOK NUMBER | |
| International Standard Book Number | 9780980576825 (pbk.) |
| 020 ## - INTERNATIONAL STANDARD BOOK NUMBER | |
| International Standard Book Number | 0980576822 (pbk.) |
| 040 ## - CATALOGING SOURCE | |
| Original cataloging agency | StDuBDS |
| Language of cataloging | eng |
| Transcribing agency | StDuBDS |
| Modifying agency | Uk |
| 082 04 - DEWEY DECIMAL CLASSIFICATION NUMBER | |
| Classification number | 658.872 |
| Edition number | 22 |
| Item number | ELE |
| 100 1# - MAIN ENTRY--PERSONAL NAME | |
| Personal name | Eley, Brandon. |
| 9 (RLIN) | 34894 |
| 245 10 - TITLE STATEMENT | |
| Title | Online marketing inside out / |
| Statement of responsibility, etc | by Brandon Eley & Shayne Tilley. |
| 250 ## - EDITION STATEMENT | |
| Edition statement | 1st ed. |
| 260 ## - PUBLICATION, DISTRIBUTION, ETC. (IMPRINT) | |
| Place of publication, distribution, etc | Collingwood, Australia : |
| Name of publisher, distributor, etc | Sitepoint Pty Ltd., |
| Date of publication, distribution, etc | 2009. |
| Place of manufacture | ([Ottawa]) |
| 300 ## - PHYSICAL DESCRIPTION | |
| Extent | xxv, 184 p. : |
| Other physical details | tables, plans ; |
| Dimensions | 23 cm. |
| 500 ## - GENERAL NOTE | |
| General note | Index : p. 175-184. |
| 650 #0 - SUBJECT ADDED ENTRY--TOPICAL TERM | |
| Topical term or geographic name as entry element | Internet marketing |
| 9 (RLIN) | 32688 |
| 650 #0 - SUBJECT ADDED ENTRY--TOPICAL TERM | |
| Topical term or geographic name as entry element | Business enterprises |
| General subdivision | Computer networks |
| 9 (RLIN) | 27486 |
| 653 ## - INDEX TERM--UNCONTROLLED | |
| Resource For college | |
| Arrived date list | January2014 |
| 655 ## - INDEX TERM--GENRE/FORM | |
| Form subdivision | |
| -- | 34232 |
| 700 1# - ADDED ENTRY--PERSONAL NAME | |
| Personal name | Tilley, Shayne |
| 9 (RLIN) | 34893 |
| 942 ## - ADDED ENTRY ELEMENTS (KOHA) | |
| Source of classification or shelving scheme | Dewey Decimal Classification |
| Call number prefix | 658.872 ELE |
| Withdrawn status | Item status | Source of classification or shelving scheme | Damaged status | Not for loan | Vendor | Home library | Current library | Shelving location | Date acquired | Source of acquisition | Total Checkouts | Total Renewals | Full call number | Barcode | Date last seen | Date last borrowed | Koha item type |
|---|---|---|---|---|---|---|---|---|---|---|---|---|---|---|---|---|---|
| Dewey Decimal Classification | Baccah | Central Library | Central Library | First floor | 21/01/2014 | 2 | 8 | 658.872 ELE | 000035372 | 15/07/2025 | 17/10/2020 | Book - Borrowing |